000
00282nam a22001217a 4500
020
_a
07-094290-0
082
_a
621.381 MOR'A
100
_a
MORRIS, N. M
_9
9523
245
_a
ADVANCED INDUSTRIAL ELECTRONICS
260
_a
NEWYORK
_b
MCGRAW HILL
_c
1974
300
_a
351P
942
_c
BK
999
_c
567811
_d
567811